El partido revolucionario cubano /

Bewaard in:
Bibliografische gegevens
Hoofdauteur: Martí, José (autor)
Formaat: Boek
Taal:Spaans
Reeks:(Materiales de Cultura y Divulgación Política Mexicana ; 4)
Onderwerpen:
Tags: Voeg label toe
Geen labels, Wees de eerste die dit record labelt!

MARC

LEADER 00000nam^a2200000^a^4500
001 000121109
005 20250521000000.0
009 20260310094416.458
037 |a Acervo ITESO - Biblioteca 
041 |a ESP 
082 |a 972. 9105  |b MAR 
100 |a Martí, José  |e (autor) 
245 1 3 |a El partido revolucionario cubano /  |c J. Martí. 
264 |a México :  |b Partido Revolucionario Institucional, Comité Ejecutivo Nacional,  |c 1974 
300 |a 20 p. 
336 |a texto  |b txt  |2 rdacontenido 
337 |a sin mediación  |b n  |2 rdamedio 
338 |a volumen  |b nc  |2 rdasoporte 
440 1 |a (Materiales de Cultura y Divulgación Política Mexicana ;  |v 4) 
649 |a XX 
650 |a Partidos Políticos -  |z Cuba -  |x Historia 
650 |a Filosofía Política -  |z Cuba -  |x Historia -  |y 1810-1898 
650 |a Filosofía Política -  |z Cuba -  |x Historia -  |y Epoca Colonial, 1514-1898 
650 |a Política -  |z Cuba -  |x Historia -  |y 1810-1898 
650 |a Política -  |z Cuba -  |x Historia -  |y Epoca Colonial, 1514-1898 
650 |a Cuba -  |x Historia -  |y 1810-1898 
650 |a Cuba -  |x Historia -  |y Epoca Colonial, 1514-1898 
650 |a México -  |x Historia -  |y 1910-1946 
650 |a México -  |x Historia -  |y Siglo XX 
650 |a Carranza, Venustiano 
910 |a Fondo Salvador Reynoso Reynoso 
920 |a Impresos - Libros 
930 |a Fondos Especiales 
905 |a 112 
901 |a 0800006201  |b IT2  |c ESP  |u 20250521 
902 |a https://opac.biblio.iteso.mx/vufind/Record/000121109